Every Song by Slayer - Statistics

General Stats
  • This quiz has been taken 53 times
  • The average score is 43 of 123
Answer Stats
Album Song % Correct
Reign in Blood(1986) Raining Blood
97%
Seasons in the Abyss(1990) Seasons in the Abyss
97%
South of Heaven(1988) South of Heaven
97%
Reign in Blood(1986) Angel of Death
90%
Hell Awaits(1985) Hell Awaits
90%
Repentless(2015) Repentless
83%
World Painted Blood(2009) World Painted Blood
79%
Show No Mercy(1983) Show No Mercy
76%
Show No Mercy(1983) Black Magic
72%
Seasons in the Abyss(1990) War Ensemble
72%
Show No Mercy(1983) Die by the Sword
69%
Reign in Blood(1986) Jesus Saves
66%
Reign in Blood(1986) Necrophobic
66%
Reign in Blood(1986) Postmortem
66%
Show No Mercy(Bonus)(1983) Chemical Warfare
62%
Seasons in the Abyss(1990) Skeletons of Society
62%
Show No Mercy(1983) The Antichrist
62%
Divine Intervention(1994) Divine Intervention
59%
South of Heaven(1988) Mandatory Suicide
59%
Seasons in the Abyss(1990) Dead Skin Mask
55%
Show No Mercy(1983) Evil Has No Boundaries
55%
Show No Mercy(1983) Metal Storm / Face the Slayer
55%
Hell Awaits(1985) Necrophiliac
55%
Christ Illusion(2006) Jihad
52%
Reign in Blood(1986) Altar of Sacrifice
48%
Hell Awaits(1985) At Dawn They Sleep
48%
Seasons in the Abyss(1990) Blood Red
48%
Repentless(2015) Delusions of Saviour
48%
South of Heaven(1988) Silent Scream
48%
South of Heaven(1988) Behind the Crooked Cross
45%
God Hates Us All(2001) Bloodline
45%
Reign in Blood(1986) Criminally Insane
45%
Reign in Blood(1986) Epidemic
45%
Seasons in the Abyss(1990) Expendable Youth
45%
Reign in Blood(1986) Piece by Piece
45%
South of Heaven(1988) Spill the Blood
45%
Show No Mercy(1983) Crionics
41%
Seasons in the Abyss(1990) Spirit in Black
41%
Show No Mercy(1983) Tormentor
41%
Show No Mercy(Bonus)(1983) Aggressive Perfector
38%
God Hates Us All(2001) Disciple
38%
Hell Awaits(1985) Kill Again
38%
Reign in Blood(1986) Reborn
38%
Seasons in the Abyss(1990) Temptation
38%
Divine Intervention(1994) 213
34%
Show No Mercy(Bonus)(1983) Captor of Sin
34%
Divine Intervention(1994) Dittohead
34%
South of Heaven(1988) Ghosts of War
34%
Seasons in the Abyss(1990) Hallowed Point
34%
Hell Awaits(1985) Hardening of the Arteries
34%
Divine Intervention(1994) Killing Fields
34%
Divine Intervention(1994) Sex. Murder. Art.
34%
Show No Mercy(1983) The Final Command
34%
Christ Illusion(2006) Cult
31%
Show No Mercy(1983) Fight till Death
31%
World Painted Blood(2009) Hate Worldwide
31%
Show No Mercy(Bonus)(1983) Haunting the Chapel
31%
South of Heaven(1988) Live Undead
31%
World Painted Blood(2009) Playing with Dolls
31%
Repentless(2015) You Against You
31%
Seasons in the Abyss(1990) Born of Fire
28%
Divine Intervention(1994) Fictional Reality
28%
Undisputed Attitude(1996) Gemini
28%
Divine Intervention(1994) Mind Control
28%
Hell Awaits(1985) Praise of Death
28%
Divine Intervention(1994) Serenity in Murder
28%
Divine Intervention(1994) SS-3
28%
World Painted Blood(2009) Unit 731
28%
Divine Intervention(1994) Circle of Beliefs
24%
South of Heaven(1988) Cleanse the Soul
24%
Hell Awaits(1985) Crypts of Eternity
24%
Diabolus in Musica(1998) Death's Head
24%
Christ Illusion(2006) Eyes of the Insane
24%
God Hates Us All(2001) Payback
24%
Repentless(2015) Piano Wire
24%
South of Heaven(1988) Read Between the Lies
24%
World Painted Blood(2009) Americon
21%
God Hates Us All(2001) Darkness of Christ
21%
Christ Illusion(2006) Flesh Storm
21%
God Hates Us All(2001) God Send Death
21%
God Hates Us All(2001) Here Comes the Pain
21%
Diabolus in Musica(1998) Point
21%
Diabolus in Musica(1998) Scrum
21%
God Hates Us All(2001) Seven Faces
21%
Christ Illusion(2006) Skeleton Christ
21%
Diabolus in Musica(1998) Stain of Mind
21%
God Hates Us All(2001) War Zone
21%
Repentless(2015) Atrocity Vendor
17%
World Painted Blood(2009) Beauty Through Order
17%
Diabolus in Musica(1998) Bitter Peace
17%
Christ Illusion(2006) Black Serenade
17%
God Hates Us All(2001) Cast Down
17%
Repentless(2015) Cast the First Stone
17%
Christ Illusion(2006) Catalyst
17%
Diabolus in Musica(1998) Desire
17%
God Hates Us All(2001) Deviance
17%
God Hates Us All(2001) Exile
17%
Diabolus in Musica(1998) Love to Hate
17%
Repentless(2015) Pride in Prejudice
17%
World Painted Blood(2009) Psychopathy Red
17%
Diabolus in Musica(1998) Screaming from the Sky
17%
World Painted Blood(2009) Snuff
17%
Repentless(2015) Take Control
17%
Repentless(2015) Vices
17%
Repentless(2015) When the Stillness Comes
17%
Diabolus in Musica(Bonus)(1998) Wicked
17%
Repentless(2015) Chasing Death
14%
World Painted Blood(2009) Human Strain
14%
Repentless(2015) Implode
14%
Diabolus in Musica(1998) In the Name of God
14%
God Hates Us All(2001) New Faith
14%
World Painted Blood(2009) Not of This God
14%
Diabolus in Musica(1998) Overt Enemy
14%
Diabolus in Musica(1998) Perversions of Pain
14%
World Painted Blood(2009) Public Display of Dismemberment
14%
God Hates Us All(Bonus)(2001) Scarstruck
14%
Christ Illusion(2006) Supremist
14%
God Hates Us All(2001) Threshold
14%
Christ Illusion(2006) Catatonic
10%
Christ Illusion(2006) Consfearacy
10%
God Hates Us All(Bonus)(2001) Addict
7%
Diabolus in Musica(Bonus)(1998) Unguarded Instinct
7%
Christ Illusion(Bonus)(2006) Final Six
3%
No matching quizzes found
Score Distribution
Percent of People with Each Score
Percentile by Number Answered
Your Score History
You have not taken this quiz